| 000 | 01214cam a22003497a 4500 | ||
|---|---|---|---|
| 003 | CHAP | ||
| 005 | 20220329132908.0 | ||
| 008 | 971010s1975 r 00010 d | ||
| 010 | _a45 | ||
| 011 | _a1017 | ||
| 035 | _a179 | ||
| 040 | _cCHAP | ||
| 090 | _aFolleto 8124 | ||
| 100 | 0 | 0 |
_aPuig de la Parra, Juan B. _992954 |
| 245 | 1 | 3 | _aLa información de CETENAL en la planeación del desarrollo del país |
| 260 |
_aMéxico, D.F. : _bComisión de Estudios del Territorio Nacional, _c1975 |
||
| 300 | _a10 p. | ||
| 500 | _ac.4 en bodega | ||
| 590 |
_aBATCH-UPD _b10 _c20130110 _lUCH01 _h0202 |
||
| 590 |
_aBATCH-UPD _b10 _c20130110 _lUCH01 _h1653 |
||
| 590 |
_aBATCH-UPD _b10 _c20130409 _lUCH01 _h2212 |
||
| 590 |
_aBATCH-UPD _b10 _c20130410 _lUCH01 _h1042 |
||
| 590 |
_aBATCH-UPD _b10 _c20130914 _lUCH01 _h1017 |
||
| 590 |
_aCONVERSION _b10 _c20130109 _lUCH01 _h1302 |
||
| 650 | 1 | 4 |
_aFotografía aérea. _942714 |
| 710 | 0 |
_aComisión de Estudios del Territorio Nacional. México. _925677 |
|
| 901 | _aBK | ||
| 942 | _cFOLL | ||
| 949 |
_aFolleto 8124 _bBC _cFOLL _d-140879 _eTS1 _i179 _mD _si |
||
| 949 |
_aFolleto 8124 _bBC _cFOLL _d-140880 _eTS2 _fc.2 _i179 _mD _si |
||
| 949 |
_aFolleto 8124 _bBC _cFOLL _d-140881 _eTS2 _fc.3 _i179 _mD _si |
||
| 999 |
_c45 _d45 |
||